Electrician's instant answers / (Record no. 191353)
[ view plain ]
| 000 -LEADER | |
|---|---|
| fixed length control field | 01292 a2200241 4500 |
| 003 - CONTROL NUMBER IDENTIFIER | |
| control field | Nust |
| 005 - DATE AND TIME OF LATEST TRANSACTION | |
| control field | 20170207154014.0 |
| 010 ## - LIBRARY OF CONGRESS CONTROL NUMBER | |
| LC control number | 2003042011 |
| 020 ## - INTERNATIONAL STANDARD BOOK NUMBER | |
| International Standard Book Number | 0071402039 (alk. paper) |
| 040 ## - CATALOGING SOURCE | |
| Transcribing agency | Nust |
| 082 00 - DEWEY DECIMAL CLASSIFICATION NUMBER | |
| Classification number | 621.319/24 |
| 100 1# - MAIN ENTRY--PERSONAL NAME | |
| Personal name | Tuck, David. |
| 245 10 - TITLE STATEMENT | |
| Title | Electrician's instant answers / |
| Statement of responsibility, etc. | David Tuck, Gary Tuck. |
| 260 ## - PUBLICATION, DISTRIBUTION, ETC. | |
| Place of publication, distribution, etc. | New York : |
| Name of publisher, distributor, etc. | McGraw-Hill, |
| Date of publication, distribution, etc. | c2003. |
| 300 ## - PHYSICAL DESCRIPTION | |
| Extent | xvii, 365 p. : |
| Other physical details | ill. ; |
| Dimensions | 21 cm. |
| 500 ## - GENERAL NOTE | |
| General note | Includes index. |
| 505 ## - FORMATTED CONTENTS NOTE | |
| Formatted contents note | Chapter 1: Understanding Circuits 1 Chapter 2: Temporary Wiring 11 Chapter 3: Exterior Wiring15 Chapter 4: New Construction 41 Chapter 5: Installation Tips, Tricks, and Techniques 41 Chapter 6: Home Automation . 73 Chapter 7: Lighting 83 Chapter 8: Electric Heating Units ..147 Chapter 9: HVAC Electricity and Wiring 151 Chapter 10: Materials 185 Chapter 11: Tools 239 Chapter 12: Troubleshooting and Repairs.255 Chapter 13: Getting Work . 269 Chapter 14: Keeping Jobs on Track . 287 Chapter 15: Worksite Safety 303 Chapter 16: First Aid 319 |
| 650 #0 - SUBJECT ADDED ENTRY--TOPICAL TERM | |
| Topical term or geographic name entry element | Electric contracting |
| 650 #0 - SUBJECT ADDED ENTRY--TOPICAL TERM | |
| Topical term or geographic name entry element | Electric wiring |
| 700 1# - ADDED ENTRY--PERSONAL NAME | |
| Personal name | Tuck, Gary. |
| 856 42 - ELECTRONIC LOCATION AND ACCESS | |
| Materials specified | Contributor biographical information |
| Uniform Resource Identifier | <a href="http://www.loc.gov/catdir/bios/mh041/2003042011.html">http://www.loc.gov/catdir/bios/mh041/2003042011.html</a> |
| 856 42 - ELECTRONIC LOCATION AND ACCESS | |
| Materials specified | Table of contents |
| Uniform Resource Identifier | <a href="http://www.loc.gov/catdir/toc/mh031/2003042011.html">http://www.loc.gov/catdir/toc/mh031/2003042011.html</a> |
| 942 ## - ADDED ENTRY ELEMENTS (KOHA) | |
| Source of classification or shelving scheme | |
| Koha item type | Book |
| Withdrawn status | Lost status | Source of classification or shelving scheme | Damaged status | Not for loan | Collection code | Permanent Location | Current Location | Date acquired | Total Checkouts | Full call number | Barcode | Date last seen | Price effective from | Koha item type |
|---|---|---|---|---|---|---|---|---|---|---|---|---|---|---|
| Military College of Signals (MCS) | Military College of Signals (MCS) | 12/12/2016 | 621.31924 TUC | MCSEB-724 | 12/08/2016 | 12/12/2016 | Book |
